000 01052nam0a22002651 4500
001 rc\2997083
005 20250810055013.0
035 _a(NLR Aleph) 007140727
090 _a7052831
_c7052831
100 _a20110918d1945 u y0rusy50 ca
101 0 _arus
102 _aRU
105 _ay z |||||
200 1 _aПерспективные многолетние кормовые травы для Бурят-Монгольской АССР
_fК. М .Крам
_gБурят-Монгол. науч.-иссл. ин-т культуры и экономики
210 _aУлан-Удэ
_cБурят-Монгол. гос. изд-во
_d1945
_gтип. изд-ва "Вост.-Сиб. правда"
215 _a27 с.
_d22 см
300 _aБез обл.
700 1 _aКрам
_bК.М.
_f1887-1962
_gКирилл Мартынович
801 0 _aRU
_bNLR
_gpsbo
801 1 _aRU
_bELAR
_2rusmarc
852 _aNLR
_bС
_j50 Г-6/136
942 _cBOOK
945 _aРоссийская национальная библиотека
980 _aNB
980 _aBV